| 000 | 00902nmc a2200313 a 4500 | ||
|---|---|---|---|
| 003 | AR-BaBNM | ||
| 005 | 20251128203203.0 | ||
| 008 | 217019s1969 ||||||||||||||000 | spa|| | ||
| 040 | _cAR-BaBNM | ||
| 100 | 1 | _aZorrilla, José | |
| 245 | 1 | 0 | _aLeyendas y tradiciones |
| 250 | _a4ª ed. | ||
| 260 |
_aBuenos Aires _bKapelusz _c1969 |
||
| 300 | 0 |
_a135 p. _bil. |
|
| 490 | 0 |
_aGrandes obras de la literatura universal _vv. 32 |
|
| 500 | 0 | _aContiene referencias bibliográficas en p. 129 | |
| 650 | 4 | _aLITERATURA ESPANOLA | |
| 650 | 4 | _aLITERATURA FOLKLORICA | |
| 650 | 4 | _aLEYENDAS | |
| 650 | 4 | _aCOSTUMBRES Y TRADICIONES | |
| 650 | 4 | _aLITERATURA POPULAR | |
| 650 | 4 | _aTRADICION ORAL | |
| 655 | _aLITERATURA | ||
| 700 | 1 |
_aZamudio de Molina, Berta _eprologuista |
|
| 700 | 1 |
_aPetruzzi de Díaz, Herminia _eprologuista |
|
| 800 | 1 | _aLacau, María Hortensia | |
| 942 | _cBK | ||
| 998 | _cMARTIN | ||
| 999 |
_c2292 _d2292 |
||